Weeds of soybean fields in Thailand

Đã lưu trong:
Bibliografiske detaljer
Hovedforfatter: Tavatchai Radanachaless
Format: Bog
Sprog:Undetermined
Udgivet: Thailand Multiple Cropping Center 1994
Fag:
Tags: Tilføj Tag
Ingen Tags, Vær først til at tagge denne postø!
Thư viện lưu trữ: Trung tâm Học liệu Trường Đại học Cần Thơ
LEADER 00546nam a2200181Ia 4500
001 CTU_38744
008 210402s9999 xx 000 0 und d
082 |a 633.34958 
082 |b R124 
100 |a Tavatchai Radanachaless 
245 0 |a Weeds of soybean fields in Thailand 
245 0 |c Tavatchai Radanachaless, J F Maxwell 
260 |a Thailand 
260 |b Multiple Cropping Center 
260 |c 1994 
650 |a soybean - planting - Thailand,weeds 
904 |i Liên, 990906 
980 |a Trung tâm Học liệu Trường Đại học Cần Thơ